Árvíz utca Tápén
Elmentve itt :
| Szerző: | |
|---|---|
| Dokumentumtípus: | Cikk |
| Megjelent: |
1970-06-28
|
| Sorozat: | Délmagyarország
|
| Kulcsszavak: | Árvízi károk elhárítása 1970, Tápé, Katasztrófa árvíz Tápé |
| Online Access: | http://dmarchiv.bibl.u-szeged.hu/36734 |
| LEADER | 00487nab a2200157 i 4500 | ||
|---|---|---|---|
| 001 | delm36734 | ||
| 005 | 20180927112807.0 | ||
| 008 | 180927s1970 hu o 0|| hun d | ||
| 040 | |a SZTE Délmagyarország Archívum |b hun | ||
| 041 | |a hun | ||
| 100 | 1 | |a Horváth Dezső | |
| 245 | 1 | 0 | |a Árvíz utca Tápén |h [elektronikus dokumentum] / |c Horváth Dezső |
| 260 | |c 1970-06-28 | ||
| 300 | |a 8 | ||
| 490 | 0 | |a Délmagyarország | |
| 695 | |a Árvízi károk elhárítása 1970, Tápé, Katasztrófa árvíz Tápé | ||